Posúdenie vplyvu Islamu v Ruskej federácii
Poukázanie na historické súvislosti postavenia islamu v Ruskej federácii. Stručná analýza súčasného stavu tohto náboženstva v podmienkach krajiny. Akcentácia jeho rastúceho vplyvu v domácej aj zahraničnej politike.
Salvato in:
| Autore principale: | |
|---|---|
| Natura: | Capitolo di libro |
| Lingua: | slovacco |
| Soggetti: | |
| Tags: |
Nessun Tag, puoi essere il primo ad aggiungerne!!
|
MARC
| LEADER | 00000naa$a2200000$$$4500 | ||
|---|---|---|---|
| 001 | 0269785 | ||
| 005 | 20240502074228.8 | ||
| 041 | 0 | |a slo | |
| 044 | |a SK | ||
| 245 | 1 | 0 | |a Posúdenie vplyvu Islamu v Ruskej federácii |c Zuzana Rozkošová |
| 520 | |a Poukázanie na historické súvislosti postavenia islamu v Ruskej federácii. Stručná analýza súčasného stavu tohto náboženstva v podmienkach krajiny. Akcentácia jeho rastúceho vplyvu v domácej aj zahraničnej politike. | ||
| 610 | 2 | 0 | |a Rusko |
| 610 | 2 | 0 | |a islam |
| 610 | 2 | 0 | |a moslimovia |
| 100 | 1 | |a Rozkošová, Zuzana, 1995- | |